| 000 | 00856nam a22003015i 4500 | ||
|---|---|---|---|
| 001 | 21312162 | ||
| 005 | 20221118110421.0 | ||
| 008 | 191125s2020 nyu 000 0 eng | ||
| 010 | _a 2019955606 | ||
| 020 |
_a9780198848349 _q(hardback) |
||
| 020 |
_z9780192587749 _q(epub) |
||
| 020 | _z9780191882876 | ||
| 040 |
_aDLC _beng _erda _cDLC |
||
| 042 | _apcc | ||
| 082 |
_a341.37 _bOXF |
||
| 245 | 0 | 4 |
_aThe Oxford guide to treaties / _cDuncan B. Hollis. |
| 250 | _a2e. | ||
| 263 | _a2004 | ||
| 264 | 1 |
_aNew York : _bOxford University Press, _c2020. |
|
| 300 | _apages cm | ||
| 336 |
_atext _btxt _2rdacontent |
||
| 337 |
_aunmediated _bn _2rdamedia |
||
| 338 |
_avolume _bnc _2rdacarrier |
||
| 700 | 1 |
_aHollis, Duncan B., _eeditor. _9103031 |
|
| 906 |
_a0 _bibc _corignew _d2 _eepcn _f20 _gy-gencatlg |
||
| 942 |
_2ddc _cBK |
||
| 999 |
_c592386 _d592386 |
||